00430nam a22001337a 4500082002000000245003100020260003100051300003000082526003700112650001900149942001200168999001900180952009700199 a363.731bROAcD aRoads and the Environment: aWashingtonbThe world Bank a201 p. :bill . :c28 cm. a0b0c0d363_731000000000000_ROA aMCE (D)938183 2ddccBK c542823d542823 00102ddc4070aMCEbMCEd2014-02-19l0o363.731 ROApMCE-42781r2014-02-19w2014-02-19yBK